Countries in the Americas - Statistics

General Stats
  • This quiz has been taken 237 times
    232 since last reset
  • The average score is 30 of 36
Answers on the Map
Answers color-coded by a green-red scale on the quiz's map according to % correct below.
 
Answer Stats
Answer % Correct
Canada
99%
United States of America
99%
Argentina
98%
Mexico
98%
Brazil
97%
Chile
97%
Cuba
93%
Paraguay
93%
Peru
93%
Uruguay
93%
Venezuela
91%
Columbia
89%
Bolivia
88%
Ecuador
88%
Panama
87%
Jamaica
86%
Haiti
85%
Bahamas
84%
Honduras
84%
Costa Rica
82%
Belize
81%
Belize
81%
Guatemala
81%
Suriname
81%
Dominica
80%
El Salvador
80%
Guyana
79%
Nicaragua
79%
Dominican Republic
78%
Trinidad and Tobago
67%
Barbados
65%
Antigua and Barbuda
60%
St Kitts and Nevis
60%
St Lucia
60%
St Vincent and the Grenadines
54%
Grenada
51%
No matching quizzes found
Score Distribution
Percent of People with Each Score
Percentile by Number Answered
Your Score History
You have not taken this quiz since the last reset